BLACKBIRD, TUEDUS MERULA L., AND TICK-BORNE ENCEPHALITIS (TBE) VIRUS

Bibliographic Details
Main Author: Saikku, P. (Author)
Format: Article
Language:Slovak
English

MARC

LEADER 00000nab a2200000ua 4500
001 vtls010755790
003 SK-MaSNL
005 20260304203536.0
008 250718s1973 xo |||||||||||||||||slo|
035 |a (urnnbn)urn:nbn:sk:snk:ar-a02akm 
035 |a (uuid)16fb83f9-7f6a-49c8-86b9-7e8d8acd32be 
035 |a urn:nbn:sk:snk-ab4j9p 
040 |a SNKBUCL  |b slo  |c SNKBUCL  |e AACR2 
041 0 |a eng 
044 |a xo  |c SK 
100 1 |a Saikku, P.  |4 aut  |9 1215754 
245 1 0 |a BLACKBIRD, TUEDUS MERULA L., AND TICK-BORNE ENCEPHALITIS (TBE) VIRUS  |c P. Saikku 
773 0 |t Acta virologica  |g Roč. 17, č. 5 (1973), s. 442 
850 |a Slovenská národná knižnica 
852 |a Slovenská národná knižnica 
958 |a article3 
958 |a OND 
958 |a EUIPO 
999 |c 3110321  |d 3112251